Dirección y supervisión en la escuela primaria

Saved in:
Bibliographic Details
Main Author: Sperb, Dalilla C (Author)
Format: Book
Language:Spanish
Published: Buenos Aires Kapelusz 1965
Series:Biblioteca de Cultura Pedagógica
Subjects:
Tags: Add Tag
No Tags, Be the first to tag this record!

MARC

LEADER 00000nam a2200000 a 4500
001 UCZ7096
003 CL-VaPUC
008 951222e19650000AG |||||||||||||||||spa|d
082 0 4 |a 372.1  |b SPE  |2 21 
100 0 |a Sperb, Dalilla C  |e author  |9 351831 
245 1 0 |a Dirección y supervisión en la escuela primaria 
300 |a 191 p 
942 |c BK 
945 |d 19951222 00:00:00  |a cmena 
260 |a Buenos Aires  |b Kapelusz  |c 1965 
650 0 |a Educación básica   |9 224933 
650 0 |a Gestión educacional   |9 261035 
650 0 |a Administración de la enseñanza   |9 261034 
650 0 |a Planificación de la educación   |9 307333 
583 |a last modification  |c 20160602 17:24:10  |k Rodrigo Vera 
490 0 |a Biblioteca de Cultura Pedagógica 
999 |c 243219  |d 243217 
952 |0 0  |1 0  |4 0  |6 372_100000000000000_SPE_1965  |7 0  |8 P  |9 256724  |a BIBEDU  |b BIBEDU  |c BIBEDU_PB  |d 2019-11-19  |i 1608304  |o 372.1 SPE 1965  |p 1608304  |r 2024-01-25  |w 2019-11-19  |y BK  |k EDU 
952 |0 0  |1 0  |4 0  |6 372_100000000000000_SPE_1965  |7 0  |8 P  |9 256725  |a BIBEDU  |b BIBEDU  |c BIBEDU_PB  |d 2019-11-19  |i 1634917  |o 372.1 SPE 1965  |p 1634917  |r 2024-01-25  |w 2019-11-19  |y BK  |k EDU